000 00514nam a2200193Ia 4500
999 _c10556
_d10556
003 OSt
005 20191221131533.0
008 190216s9999||||xx |||||||||||||| ||und||
020 _a8176633704
040 _coclc
082 _a332.4
_bPAU/M
100 _aPaul, R R
_9657
245 0 _aMonetary Economics /
_cR R Paul
250 _a4th Ed.
260 _bKalyani Publishers,
_c2000.
_aNew Delhi:
300 _a839p
650 _aEconomics
942 _cBK
_2ddc
_h332.4
_iPAU/M
_k332.4
_mPAU/M